[Event "International Championship of Central Serbia 2015 - OPEN A"]
[Site "Paracin"]
[Date "2015.07.03"]
[Round "1.1"]
[White "Banusz, Tamas"]
[Black "Radovic, Janko"]
[Result "1-0"]
[WhiteElo "2582"]
[BlackElo "2256"]
[PlyCount "187"]
[EventDate "2015.07.03"]

1. Nf3 e6 2. g3 b6 3. Bg2 Bb7 4. O-O Nf6 5. c4 Be7 6. d4 O-O 7. Re1 d6 8. d5 e5
9. Nc3 Nbd7 10. e4 Ne8 11. Re2 g6 12. Ne1 f5 13. exf5 gxf5 14. f4 Bf6 15. Nd3
Ng7 16. Be3 a6 17. fxe5 Nxe5 18. Nxe5 Bxe5 19. Qd2 Qf6 20. Bg5 Qg6 21. Bf4 Rae8
22. Rae1 Bf6 23. Bf3 Rxe2 24. Nxe2 Re8 25. Be3 Re7 26. Nf4 Qe8 27. b3 Bg5 28.
Kf1 Bc8 29. Qc3 Re5 30. Re2 Bf6 31. Bd4 Rxe2 32. Nxe2 Bxd4 33. Qxd4 Qe7 34. b4
Bd7 35. Qf4 Ne8 36. Kg2 b5 37. cxb5 axb5 38. Nd4 Qe5 39. Qg5+ Kf8 40. Qh6+ Kg8
41. Ne6 Bxe6 42. Qxe6+ Kf8 43. Qd7 Nf6 44. Qxb5 Qb2+ 45. Kh3 Qxa2 46. Qb8+ Ke7
47. Qxc7+ Nd7 48. Qc1 Ne5 49. Qg5+ Kd7 50. Qxf5+ Kd8 51. Qf8+ Kd7 52. Qg7+ Kd8
53. Qg8+ Kc7 54. Qxh7+ Kb6 55. Qe7 Nxf3 56. Qe3+ Kb5 57. Qxf3 Kxb4 58. g4 Qd2
59. Qe4+ Kc5 60. Kg3 Qc3+ 61. Qf3 Qe5+ 62. Kg2 Qg5 63. h3 Kb5 64. Qb3+ Kc5 65.
Qc3+ Kb5 66. Qd4 Qe7 67. Kg3 Qe1+ 68. Qf2 Qe5+ 69. Qf4 Qe1+ 70. Kg2 Qe2+ 71.
Qf2 Qe5 72. Qf3 Qg5 73. Qb3+ Kc5 74. Qc3+ Kb5 75. Qc6+ Ka5 76. Qxd6 Qd2+ 77.
Kg3 Qe1+ 78. Kf4 Qf1+ 79. Kg5 Qxh3 80. Qc5+ Ka4 81. d6 Qh8 82. Qc4+ Ka3 83. Qe6
Qg7+ 84. Kf5 Qh7+ 85. Kf6 Qh6+ 86. Kf5 Qh7+ 87. Kf4 Qh2+ 88. Kg5 Qd2+ 89. Kg6
Qd3+ 90. Kg7 Qd4+ 91. Kg8 Qa4 92. d7 Qa8+ 93. Kf7 Qf3+ 94. Ke8 1-0

[Event "International Championship of Central Serbia 2015 - OPEN A"]
[Site "Paracin"]
[Date "2015.07.03"]
[Round "1.2"]
[White "Kinsiz, Onur"]
[Black "Damljanovic, Branko"]
[Result "0-1"]
[WhiteElo "2253"]
[BlackElo "2565"]
[PlyCount "100"]
[EventDate "2015.07.03"]

1. e4 c5 2. Nf3 e6 3. g3 Nc6 4. Bg2 Nf6 5. Qe2 d5 6. d3 Be7 7. O-O O-O 8. e5
Ne8 9. Re1 b5 10. Nbd2 a5 11. h4 a4 12. Nf1 b4 13. h5 Nc7 14. h6 g6 15. Bf4 a3
16. b3 Nb5 17. N1h2 f5 18. exf6 Bxf6 19. Ng4 Bxa1 20. Rxa1 Ra7 21. Nge5 Ncd4
22. Qd2 Rxf4 23. gxf4 Qf8 24. Nxd4 Nxd4 25. Re1 Qxh6 26. c3 bxc3 27. Qxc3 Qf8
28. Kf1 Nb5 29. Qd2 Qd6 30. Rc1 Rc7 31. Qa5 Ba6 32. Bh3 Rc8 33. Qd2 Rf8 34. Qe3
d4 35. Qg3 Kg7 36. b4 Nc3 37. bxc5 Qxc5 38. Bxe6 Bc8 39. Bc4 Nd5 40. Re1 Nxf4
41. Qh4 Bh3+ 42. Kg1 Rf5 43. Nf3 g5 44. Qg3 g4 45. Qh4 Ng6 46. Qd8 gxf3 47.
Qg8+ Kh6 48. Re4 Rg5+ 49. Kh1 Bg2+ 50. Kg1 Rh5 0-1

[Event "International Championship of Central Serbia 2015 - OPEN A"]
[Site "Paracin"]
[Date "2015.07.03"]
[Round "1.3"]
[White "Atalik, Suat"]
[Black "Todorovic, Nenad I"]
[Result "1-0"]
[WhiteElo "2564"]
[BlackElo "2252"]
[PlyCount "115"]
[EventDate "2015.07.03"]

1. d4 Nf6 2. c4 e6 3. Nf3 b6 4. e3 Bb7 5. Bd3 d5 6. cxd5 exd5 7. b3 Bd6 8. Ba3
O-O 9. Bxd6 Qxd6 10. Nc3 a6 11. O-O Nbd7 12. Rc1 Rfe8 13. Re1 Ne4 14. Re2 Re7
15. Rec2 Nf8 16. Ne5 Nd7 17. Nxd7 Rxd7 18. Ne2 Re7 19. Ng3 Nxg3 20. hxg3 g6 21.
Qg4 Rc8 22. Qf4 Qxf4 23. gxf4 f5 24. b4 Kf7 25. Be2 Kf6 26. g4 h6 27. Kg2 Rh7
28. gxf5 gxf5 29. Bh5 Ke6 30. Kf1 Rg7 31. a4 Kd6 32. a5 Rcg8 33. Ke2 Rf8 34.
Bf3 Re8 35. Kd2 Reg8 36. Be2 b5 37. Bd3 Rf8 38. Rh1 Rf6 39. Rcc1 Rg2 40. Ke2
Bc8 41. Rh5 Bd7 42. Rch1 Rgg6 43. Kf1 Bc8 44. Be2 Bd7 45. Bf3 Be6 46. Ke2 Bd7
47. Rc1 Bc8 48. Rc5 Be6 49. Rh1 c6 50. Rcc1 Bd7 51. Bh5 Rg8 52. Rcg1 Rff8 53.
Bf3 Rxg1 54. Rxg1 Ke7 55. Bh5 Be6 56. Rg7+ Bf7 57. Rh7 Kf6 58. Bxf7 1-0

[Event "International Championship of Central Serbia 2015 - OPEN A"]
[Site "Paracin"]
[Date "2015.07.03"]
[Round "1.4"]
[White "Fernandez, Michael"]
[Black "Djukic, Nikola"]
[Result "0-1"]
[WhiteElo "2249"]
[BlackElo "2543"]
[PlyCount "91"]
[EventDate "2015.07.03"]

1. Nf3 Nf6 2. c4 g6 3. g3 Bg7 4. Bg2 O-O 5. O-O d6 6. d4 Nbd7 7. Nc3 e5 8. dxe5
dxe5 9. Qc2 Re8 10. Rd1 h6 11. c5 Qe7 12. b4 a5 13. Ba3 axb4 14. Bxb4 Nb8 15.
c6 Qxb4 16. Rab1 Bf5 17. cxb7 Ra3 18. Qxf5 gxf5 19. Rxb4 Rxc3 20. Bh3 Ne4 21.
Nh4 Bf8 22. Ra4 Bc5 23. e3 Nd6 24. Nxf5 Nxb7 25. Rb1 Nd6 26. Nxh6+ Kg7 27. Nf5+
Nxf5 28. Bxf5 Nc6 29. Be4 Ne7 30. g4 Rh8 31. Kg2 Nc8 32. Rb3 Rc1 33. Ra8 Nd6
34. Rxh8 Kxh8 35. Bb1 Kg7 36. a4 Rc4 37. g5 Rxa4 38. Kf3 Nc4 39. Ke2 Be7 40.
Rb7 Bd8 41. Bd3 Nd6 42. Rb2 Bxg5 43. Rc2 e4 44. Rxc7 exd3+ 45. Kxd3 Ra3+ 46.
Kd4 0-1

[Event "International Championship of Central Serbia 2015 - OPEN A"]
[Site "Paracin"]
[Date "2015.07.03"]
[Round "1.5"]
[White "Sedlak, Nikola"]
[Black "Breivik, Lars"]
[Result "1-0"]
[WhiteElo "2537"]
[BlackElo "2247"]
[PlyCount "53"]
[EventDate "2015.07.03"]

1. d4 e6 2. Nf3 b6 3. e4 Bb7 4. Bd3 Nf6 5. Nbd2 c5 6. c3 Nc6 7. a3 d5 8. e5 Nd7
9. b4 f5 10. O-O Be7 11. Re1 O-O 12. Nf1 c4 13. Bc2 b5 14. a4 bxa4 15. Ng3 Nb6
16. Nh5 a6 17. h4 Bxh4 18. Nxh4 Qxh4 19. Re3 Qd8 20. Rg3 g6 21. Bh6 Rf7 22. Nf4
Re7 23. Nxg6 hxg6 24. Rxg6+ Kf7 25. Qh5 Ke8 26. Rxe6+ Kd7 27. Rd6+ 1-0

[Event "International Championship of Central Serbia 2015 - OPEN A"]
[Site "Paracin"]
[Date "2015.07.03"]
[Round "1.6"]
[White "Popovic, Aleksandar M"]
[Black "Kadric, Denis"]
[Result "0-1"]
[WhiteElo "2246"]
[BlackElo "2511"]
[PlyCount "76"]
[EventDate "2015.07.03"]

1. e4 g6 2. d4 Bg7 3. Nf3 d6 4. Be2 Nf6 5. Nc3 O-O 6. O-O a6 7. Bf4 b5 8. e5
Nh5 9. Be3 Nc6 10. Ng5 dxe5 11. d5 Nd4 12. Bxh5 gxh5 13. Bxd4 exd4 14. Qd3 f5
15. Ne2 e5 16. f4 h6 17. Ne6 Bxe6 18. dxe6 e4 19. Qb3 Kh7 20. a4 d3 21. Rfd1
Bd4+ 22. Nxd4 Qxd4+ 23. Kh1 Qc4 24. Qa3 dxc2 25. Rd7+ Kh8 26. Rc1 b4 27. Qg3
Rg8 28. Qe3 b3 29. Qh3 Raf8 30. e7 Rf6 31. Rd8 Kh7 32. Qxh5 Qf7 33. Qxf7+ Rxf7
34. Rxg8 Rxe7 35. Rg3 Rd7 36. Re3 Rd1+ 37. Re1 Rxc1 38. Rxc1 c5 0-1

[Event "International Championship of Central Serbia 2015 - OPEN A"]
[Site "Paracin"]
[Date "2015.07.03"]
[Round "1.7"]
[White "Savic, Miodrag R"]
[Black "Radovanovic, Mihajlo"]
[Result "1/2-1/2"]
[WhiteElo "2505"]
[BlackElo "2245"]
[PlyCount "167"]
[EventDate "2015.07.03"]

1. e4 c5 2. c3 d5 3. exd5 Qxd5 4. Nf3 Nc6 5. Be2 e5 6. O-O Nf6 7. Na3 e4 8. Ne1
Be7 9. d3 O-O 10. dxe4 Qxe4 11. Qc2 Qxc2 12. Nexc2 Be6 13. Re1 Rad8 14. Bf3 Bd5
15. Bxd5 Nxd5 16. Ne3 f5 17. Rd1 Nc7 18. g3 f4 19. Rxd8 Bxd8 20. Nec4 g5 21.
gxf4 gxf4 22. Kh1 Bh4 23. Bd2 Rf6 24. Rg1+ Kf7 25. Rg4 Bxf2 26. Rxf4 Rxf4 27.
Bxf4 Nd5 28. Bg5 Kg6 29. Bd2 b6 30. Kg2 Bh4 31. Kf3 Kf5 32. Nc2 Ne5+ 33. Nxe5
Kxe5 34. c4 Ne7 35. Bc3+ Ke6 36. Ke4 Nf5 37. b3 Bg5 38. Be5 Nd6+ 39. Bxd6 Kxd6
40. Ne1 Ke6 41. Nd3 Bh6 42. Ne5 Bg7 43. Nf3 Bf6 44. h3 Be7 45. Ne5 Bf6 46. Nd3
Bg5 47. a3 Bh6 48. b4 cxb4 49. axb4 a6 50. Nb2 Bf8 51. b5 axb5 52. cxb5 Kd6 53.
Na4 Bg7 54. h4 Bh8 55. h5 Bg7 56. Nxb6 Kc5 57. Nd7+ Kxb5 58. Kd5 h6 59. Nb8 Bc3
60. Nd7 Bg7 61. Kd6 Kc4 62. Ke6 Bb2 63. Kf5 Kd5 64. Nb6+ Kc6 65. Nc4 Bc1 66.
Ke6 Bf4 67. Nb2 Bd2 68. Nd3 Kc7 69. Ne5 Kd8 70. Kf7 Bc1 71. Ng4 Kd7 72. Nf6+
Kd6 73. Ne8+ Kd7 74. Ng7 Bd2 75. Nf5 Bc1 76. Kf6 Ke8 77. Kg7 Bd2 78. Nxh6 Bxh6+
79. Kxh6 Kf8 80. Kh7 Kf7 81. h6 Kf8 82. Kg6 Kg8 83. h7+ Kh8 84. Kh6 1/2-1/2

[Event "International Championship of Central Serbia 2015 - OPEN A"]
[Site "Paracin"]
[Date "2015.07.03"]
[Round "1.8"]
[White "Furman, Boris"]
[Black "Zajic, Milan"]
[Result "1/2-1/2"]
[WhiteElo "2239"]
[BlackElo "2489"]
[PlyCount "92"]
[EventDate "2015.07.03"]

1. d4 e6 2. c4 Nf6 3. Nc3 Bb4 4. Nf3 b6 5. Bg5 Bb7 6. e3 h6 7. Bh4 Bxc3+ 8.
bxc3 d6 9. Bd3 Qe7 10. O-O g5 11. Bg3 Nh5 12. Nd2 Nxg3 13. hxg3 Nd7 14. Be4
Bxe4 15. Nxe4 f5 16. Nd2 e5 17. g4 O-O 18. gxf5 Rxf5 19. Qh5 Kg7 20. Ne4 Qe6
21. Ng3 Rff8 22. f4 exf4 23. exf4 Rxf4 24. Rxf4 gxf4 25. Nf5+ Kh7 26. Nxh6 Qxh6
27. Qf5+ Kh8 28. Qxd7 f3 29. Qh3 Qxh3 30. gxh3 Rg8+ 31. Kf2 Rg2+ 32. Kxf3 Rc2
33. Ke4 Rxc3 34. Kd5 Rd3 35. Kc6 Rxd4 36. Kxc7 Rxc4+ 37. Kxd6 Ra4 38. Kc6 Ra5
39. a4 Kh7 40. Ra2 Kh6 41. Ra1 Kg5 42. Ra2 Kf4 43. Rg2 Ke3 44. Rg4 Kd3 45. h4
Ke3 46. Kb7 Kf3 1/2-1/2

[Event "International Championship of Central Serbia 2015 - OPEN A"]
[Site "Paracin"]
[Date "2015.07.03"]
[Round "1.9"]
[White "Kosic, Dragan"]
[Black "Budimir, Boris"]
[Result "1-0"]
[WhiteElo "2487"]
[BlackElo "2236"]
[PlyCount "91"]
[EventDate "2015.07.03"]

1. d4 Nf6 2. Nf3 g6 3. c4 Bg7 4. Nc3 d6 5. e4 O-O 6. Be2 e5 7. Be3 exd4 8. Nxd4
Nc6 9. O-O Re8 10. f3 Nxd4 11. Bxd4 Bd7 12. Qd2 Qe7 13. Rad1 Bc6 14. b4 a6 15.
a4 b6 16. Rfe1 Bb7 17. Bf2 a5 18. b5 Nd7 19. Nd5 Bxd5 20. cxd5 Nc5 21. Qc2 Qe5
22. Rc1 Qb2 23. Qd1 Bc3 24. Rf1 Qb4 25. Kh1 Nxa4 26. Qc2 Bf6 27. Qxc7 Nc3 28.
Be1 Rec8 29. Qxb6 a4 30. f4 Bd4 31. Qb7 Qc5 32. Bxc3 Bxc3 33. b6 a3 34. f5 Rab8
35. Qd7 g5 36. Bh5 Rf8 37. f6 a2 38. Qf5 h6 39. Bxf7+ Rxf7 40. Qg6+ Kf8 41.
Qxh6+ Ke8 42. Qh8+ Rf8 43. Qg7 Bxf6 44. Qg6+ Ke7 45. Rxc5 dxc5 46. e5 1-0

[Event "International Championship of Central Serbia 2015 - OPEN A"]
[Site "Paracin"]
[Date "2015.07.03"]
[Round "1.10"]
[White "Lekic, Lazar"]
[Black "Smith, Bryan G"]
[Result "0-1"]
[WhiteElo "2235"]
[BlackElo "2479"]
[PlyCount "110"]
[EventDate "2015.07.03"]

1. e4 c5 2. Nf3 e6 3. d4 cxd4 4. Nxd4 a6 5. Nc3 Qc7 6. Bd3 Nf6 7. O-O Be7 8.
Qe2 d6 9. Kh1 Nbd7 10. f4 O-O 11. Bd2 b5 12. e5 dxe5 13. fxe5 Nxe5 14. Bf4 Bd6
15. Ndxb5 axb5 16. Nxb5 Qc5 17. Nxd6 Nxd3 18. Qxd3 Ba6 19. c4 Rad8 20. Rad1 Nd5
21. Be5 Ne3 22. Bd4 Qxd6 23. Qxe3 Bxc4 24. Rfe1 Bxa2 25. Qg5 Qxd4 26. Rxd4 Rxd4
27. h3 Bd5 28. Re2 Rc4 29. Qe7 Rfc8 30. Rf2 R4c7 31. Qg5 h6 32. Qh5 f5 33. Qe2
Be4 34. Qe3 Rc1+ 35. Kh2 R1c2 36. Kg1 Rc1+ 37. Rf1 R1c2 38. Rf2 Rxf2 39. Kxf2
Rc2+ 40. Ke1 Rxb2 41. g4 Kh7 42. g5 h5 43. h4 Rg2 44. Qb6 f4 45. Qxe6 Bg6 46.
Qh3 Rg3 47. Qf1 Rg4 48. Qf2 Be4 49. Kd1 f3 50. Ke1 Rg2 51. Qd4 Re2+ 52. Kf1 Bf5
53. g6+ Kxg6 54. Qd6+ Kh7 55. Qg3 Bd3 0-1

[Event "International Championship of Central Serbia 2015 - OPEN A"]
[Site "Paracin"]
[Date "2015.07.03"]
[Round "1.11"]
[White "Fernandez, Daniel Howard"]
[Black "Sorgic, Dragan"]
[Result "1-0"]
[WhiteElo "2472"]
[BlackElo "2234"]
[PlyCount "65"]
[EventDate "2015.07.03"]

1. b3 e5 2. Bb2 Nc6 3. c4 Nf6 4. Nf3 d6 5. e3 g6 6. d4 e4 7. Nfd2 Bg7 8. Be2
O-O 9. Nc3 Re8 10. a3 h5 11. b4 Bf5 12. b5 Ne7 13. a4 d5 14. h3 Qd7 15. Ba3
dxc4 16. Nxc4 Ned5 17. Nxd5 Nxd5 18. Qb3 Be6 19. O-O Bxh3 20. gxh3 Qxh3 21. Nd2
Re5 22. Nxe4 Rxe4 23. Qxd5 Rae8 24. Rac1 Be5 25. dxe5 R8xe5 26. Qd8+ Kh7 27.
Bb2 Rh4 28. Qxh4 Qxh4 29. Bxe5 Qg5+ 30. Bg3 h4 31. Rxc7 hxg3 32. Rxf7+ Kg8 33.
Rf4 1-0

[Event "International Championship of Central Serbia 2015 - OPEN A"]
[Site "Paracin"]
[Date "2015.07.03"]
[Round "1.12"]
[White "Gajic, Mladen"]
[Black "Narayanan, Srinath"]
[Result "0-1"]
[WhiteElo "2227"]
[BlackElo "2464"]
[PlyCount "86"]
[EventDate "2015.07.03"]

1. d4 Nf6 2. Bg5 e6 3. e4 h6 4. Bxf6 Qxf6 5. c3 d6 6. Bd3 Qg6 7. Nf3 Qxg2 8.
Rg1 Qh3 9. Rg3 Qh5 10. Nbd2 g5 11. Qe2 Nc6 12. O-O-O Bd7 13. Nc4 O-O-O 14. e5
Be7 15. Rdg1 f5 16. exf6 Bxf6 17. h4 Rhg8 18. hxg5 hxg5 19. R3g2 Ne7 20. Ne3
Rdf8 21. Rh2 Qe8 22. Ng4 Nd5 23. Nxf6 Rxf6 24. Nxg5 Nf4 25. Qe3 Bb5 26. c4 Qc6
27. b3 Nxd3+ 28. Qxd3 d5 29. Qh7 Rfg6 30. Rh6 dxc4 31. Kb2 c3+ 32. Kc1 R6g7 33.
Qc2 b6 34. f4 Qd6 35. Qe4 Qa3+ 36. Kd1 Kb8 37. Rg2 e5 38. f5 Qf8 39. Qxe5 Bd3
40. d5 c2+ 41. Kd2 Qb4+ 42. Kc1 Qa3+ 43. Qb2 Qxb2+ 0-1

[Event "International Championship of Central Serbia 2015 - OPEN A"]
[Site "Paracin"]
[Date "2015.07.03"]
[Round "1.13"]
[White "Kozhuharov, Spas"]
[Black "Djokic, Nebojsa"]
[Result "1-0"]
[WhiteElo "2460"]
[BlackElo "2224"]
[PlyCount "53"]
[EventDate "2015.07.03"]

1. d4 Nf6 2. c4 g6 3. Nc3 Bg7 4. e4 d6 5. f3 O-O 6. Be3 Nc6 7. Nge2 a6 8. Qd2
Re8 9. Rc1 e5 10. d5 Na5 11. Nd1 b6 12. b4 Nb7 13. Ng3 h5 14. Bd3 h4 15. Ne2
Nh7 16. O-O a5 17. a3 axb4 18. axb4 f5 19. exf5 Bxf5 20. Nf2 Qd7 21. Nc3 Bxd3
22. Qxd3 Qf5 23. Nfe4 g5 24. h3 Ra3 25. Qd2 Bh6 26. Nb5 Rxe3 27. Qxe3 1-0

[Event "International Championship of Central Serbia 2015 - OPEN A"]
[Site "Paracin"]
[Date "2015.07.03"]
[Round "1.14"]
[White "Stanojevic, Branko"]
[Black "Nestorovic, Nikola"]
[Result "0-1"]
[WhiteElo "2223"]
[BlackElo "2452"]
[PlyCount "58"]
[EventDate "2015.07.03"]

1. Nf3 Nf6 2. g3 b6 3. Bg2 Bb7 4. O-O g6 5. b3 Bg7 6. Bb2 d5 7. c4 e6 8. d4 O-O
9. Nbd2 Na6 10. Rc1 c5 11. dxc5 bxc5 12. Ne5 Qb6 13. cxd5 exd5 14. Nd3 Rfe8 15.
Re1 Rac8 16. Nf4 Rcd8 17. Qc2 d4 18. Ba3 Bxg2 19. Kxg2 Qb7+ 20. Kg1 Bh6 21. Nd3
Nd5 22. Qb2 Qd7 23. Nxc5 Nxc5 24. Rxc5 Qg4 25. Nf3 Nf4 26. Ne5 Rxe5 27. f3 Qxf3
28. gxf4 Qe3+ 29. Kg2 Qe4+ 0-1

[Event "International Championship of Central Serbia 2015 - OPEN A"]
[Site "Paracin"]
[Date "2015.07.03"]
[Round "1.15"]
[White "Vavulin, Maksim"]
[Black "Popovic, Djordje D"]
[Result "1-0"]
[WhiteElo "2445"]
[BlackElo "2219"]
[PlyCount "57"]
[EventDate "2015.07.03"]

1. e4 c5 2. Nf3 d6 3. d4 cxd4 4. Nxd4 Nf6 5. Nc3 a6 6. Be3 e5 7. Nb3 Be6 8. h3
Nbd7 9. g4 h6 10. Qd2 Rc8 11. O-O-O Be7 12. f4 Qc7 13. Kb1 b5 14. Nd5 Bxd5 15.
exd5 Ne4 16. Qg2 exf4 17. Bxf4 Ndc5 18. Bd3 Nxb3 19. cxb3 Nc5 20. Bf5 Rd8 21.
b4 Na4 22. Rc1 Qb7 23. g5 hxg5 24. Bxg5 Kf8 25. Rc6 Rh5 26. h4 Bxg5 27. hxg5
Rxh1+ 28. Qxh1 Qa7 29. Qh8+ 1-0

[Event "International Championship of Central Serbia 2015 - OPEN A"]
[Site "Paracin"]
[Date "2015.07.03"]
[Round "1.16"]
[White "Kett, Tim"]
[Black "Lajthajm, Borko"]
[Result "0-1"]
[WhiteElo "2219"]
[BlackElo "2443"]
[PlyCount "72"]
[EventDate "2015.07.03"]

1. e4 c6 2. d4 d6 3. Nc3 Nf6 4. Bg5 Nbd7 5. f4 Qa5 6. Qd2 h6 7. Bxf6 Nxf6 8.
Nf3 Bg4 9. Be2 e6 10. h3 Bxf3 11. Bxf3 d5 12. e5 Nd7 13. O-O Bb4 14. f5 exf5
15. Bh5 g6 16. e6 Nf6 17. exf7+ Kxf7 18. Bxg6+ Kxg6 19. Qf4 Rhf8 20. Qxf5+ Kg7
21. Rae1 Qc7 22. Re6 Bxc3 23. bxc3 Nh7 24. Qg4+ Kh8 25. Rfe1 Qg7 26. Rg6 Qf7
27. Qg3 Rae8 28. Re5 Rg8 29. Rxg8+ Rxg8 30. Qe3 Qg6 31. g4 Ng5 32. c4 Rf8 33.
Re7 Qf6 34. Rxb7 Qf1+ 35. Kh2 Rf2+ 36. Kg3 Rf3+ 0-1

[Event "International Championship of Central Se"]
[Site "Paracin, hotel Petrus"]
[Date "2015.07.03"]
[Round "1.17"]
[White "Abramovic, Bosko"]
[Black "Dimitrijevic, Nenad"]
[Result "1-0"]
[WhiteElo "2431"]
[BlackElo "2216"]
[PlyCount "66"]
[EventDate "2015.07.03"]

1. c4 e5 2. Nc3 Nf6 3. g3 Bb4 4. Bg2 Bxc3 5. dxc3 d6 6. b3 O-O 7. e4 Nc6 8. f3
Be6 9. Nh3 h6 10. Nf2 Nh7 11. Be3 f5 12. exf5 Bxf5 13. Qd2 Nf6 14. O-O-O Be6
15. h4 a5 16. a4 Qe7 17. Kb2 d5 18. cxd5 Nxd5 19. Ne4 Nxe3 20. Qxe3 Rad8 21.
Nc5 Bc8 22. Rhe1 Rxd1 23. Rxd1 b6 24. Nd3 Qf6 25. Nf2 Bf5 26. Rd2 Rd8 27. Bf1
Rxd2+ 28. Qxd2 Bg6 29. Qe3 Qd6 30. Bc4+ Bf7 31. Ne4 Qd7 32. Nd2 Bxc4 33. Nxc4
Qf5 1-0

[Event "International Championship of Central Se"]
[Site "Paracin, hotel Petrus"]
[Date "2015.07.03"]
[Round "1.18"]
[White "Livaja, Mario"]
[Black "Mohammad, Nubairshah Shaikh"]
[Result "1/2-1/2"]
[WhiteElo "2216"]
[BlackElo "2423"]
[PlyCount "73"]
[EventDate "2015.07.03"]

1. d4 d5 2. Nf3 Nf6 3. Bf4 c5 4. c3 Qb6 5. Qb3 Nc6 6. Nbd2 cxd4 7. Qxb6 axb6 8.
Nxd4 e5 9. Nxc6 exf4 10. Nd4 Bd7 11. g3 Bd6 12. Bg2 b5 13. O-O h5 14. e4 fxe3
15. Rfe1 Kd8 16. Rxe3 Kc7 17. a3 h4 18. N2f3 hxg3 19. hxg3 Rh5 20. Rae1 Ne4 21.
Nh4 f5 22. Ng6 Rh6 23. Nf4 Bxf4 24. gxf4 Rg8 25. f3 Nd6 26. Re7 Kd8 27. R7e5 g5
28. fxg5 Rxg5 29. Rxd5 Rhg6 30. Re2 f4 31. Rxg5 Rxg5 32. Kf2 Nc4 33. Bf1 Ne3
34. Rd2 Ke7 35. Ne2 Nc4 36. Rd4 Nxb2 37. Nxf4 1/2-1/2

[Event "International Championship of Central Se"]
[Site "Paracin, hotel Petrus"]
[Date "2015.07.03"]
[Round "1.19"]
[White "Radovanovic, Nikola"]
[Black "Mikanovic, Sandro"]
[Result "1-0"]
[WhiteElo "2420"]
[BlackElo "2212"]
[PlyCount "76"]
[EventDate "2015.07.03"]

1. d4 c6 2. c4 d5 3. Nf3 Nf6 4. Qc2 g6 5. Bf4 Bg7 6. e3 O-O 7. Nc3 Qa5 8. Nd2
Bf5 9. Qb3 Qb6 10. h3 Nbd7 11. g4 Be6 12. c5 Qxb3 13. axb3 a6 14. b4 Rfe8 15.
Nb3 Nf8 16. Na4 N6d7 17. Na5 Ra7 18. Bc7 f5 19. Be2 fxg4 20. hxg4 Bf7 21. Bb6
Raa8 22. Nxb7 e5 23. dxe5 Bxe5 24. Ba5 d4 25. exd4 Bd5 26. dxe5 Bxh1 27. f4 Bd5
28. Nc3 Ne6 29. Nxd5 cxd5 30. c6 Nxf4 31. cxd7 Rxe5 32. d8=Q+ Rxd8 33. Nxd8
Rxe2+ 34. Kf1 Rxb2 35. Rd1 Rb3 36. Nc6 Rf3+ 37. Ke1 Rg3 38. Kf2 Rxg4 1-0

[Event "International Championship of Central Se"]
[Site "Paracin, hotel Petrus"]
[Date "2015.07.03"]
[Round "1.20"]
[White "Jovanovic, Sasa T"]
[Black "Nestorovic, Dejan"]
[Result "0-1"]
[WhiteElo "2211"]
[BlackElo "2408"]
[PlyCount "80"]
[EventDate "2015.07.03"]

1. d4 Nf6 2. c4 e6 3. Nc3 Bb4 4. e3 O-O 5. Nge2 d5 6. a3 Bd6 7. Nf4 c6 8. Bd3
Nbd7 9. cxd5 exd5 10. O-O Re8 11. Qc2 a5 12. f3 Bxf4 13. exf4 b6 14. g4 Ba6 15.
Bxa6 Rxa6 16. f5 b5 17. Bf4 Qb6 18. Rad1 a4 19. Na2 Raa8 20. Bd6 Rac8 21. Kh1
Qd8 22. Nb4 Nb6 23. Bf4 Nc4 24. Qf2 Qb6 25. Nd3 Nd7 26. Rfe1 Qa7 27. Nb4 Qa8
28. g5 Nf8 29. Bc1 Qb7 30. f6 Qd7 31. fxg7 Ne6 32. Qh4 Nxg7 33. Qg4 Re6 34. Nd3
Rxe1+ 35. Rxe1 Qxg4 36. fxg4 Ne6 37. g6 hxg6 38. Nc5 Nxd4 39. Re7 Nb3 40. Bg5
Nxc5 0-1

[Event "International Championship of Central Se"]
[Site "Paracin, hotel Petrus"]
[Date "2015.07.03"]
[Round "1.21"]
[White "Radlovacki, Jovan"]
[Black "Zarkovic, Mila"]
[Result "1-0"]
[WhiteElo "2393"]
[BlackElo "2209"]
[PlyCount "104"]
[EventDate "2015.07.03"]

1. e4 c5 2. Nf3 e6 3. d3 Nc6 4. g3 Nf6 5. Bg2 d5 6. Nbd2 Be7 7. O-O O-O 8. Re1
Qc7 9. c3 b5 10. Nf1 b4 11. e5 Nd7 12. c4 Nb6 13. b3 a5 14. Bf4 dxc4 15. dxc4
Rd8 16. Qc2 Bb7 17. Rad1 Rxd1 18. Rxd1 h6 19. h4 Rd8 20. h5 a4 21. Rxd8+ Qxd8
22. N1d2 Na5 23. Be3 a3 24. Ne1 Bxg2 25. Kxg2 Nc6 26. Qe4 Qc7 27. Nd3 Nd7 28.
f4 Na5 29. Qa8+ Kh7 30. Qe8 Qc6+ 31. Kg1 Nxe5 32. Qxe7 Nxd3 33. Qxf7 Ne1 34.
Kf1 Nf3 35. Qg6+ Kh8 36. Ne4 Nxb3 37. Nf6 Nfd2+ 38. Kg1 gxf6 39. Qxh6+ Kg8 40.
Qg6+ Kf8 41. Qxf6+ Ke8 42. Qg6+ Kd7 43. axb3 Nxb3 44. Qg7+ Kc8 45. h6 Qf3 46.
Bf2 Nd2 47. Qg8+ Kd7 48. Qf7+ Kd6 49. h7 Qd1+ 50. Kh2 Qf1 51. Bxc5+ Kxc5 52.
Qc7+ Kd4 1-0

[Event "International Championship of Central Serbia 2015 - OPEN A"]
[Site "Paracin, hotel Petrus"]
[Date "2015.07.03"]
[Round "1.22"]
[White "Tisma, Ivan"]
[Black "Martynov, Pavel"]
[Result "0-1"]
[WhiteElo "2206"]
[BlackElo "2385"]
[PlyCount "110"]
[EventDate "2015.07.03"]

1. Nf3 Nf6 2. c4 g6 3. g3 Bg7 4. Bg2 O-O 5. O-O Nc6 6. d4 d5 7. cxd5 Nxd5 8.
Nc3 Nb6 9. d5 Nb4 10. e4 c6 11. Qb3 Na6 12. Be3 cxd5 13. Nxd5 Nxd5 14. exd5 Nc7
15. Rfd1 Ne8 16. Rd2 Nd6 17. Nd4 Bd7 18. Rc1 Qa5 19. a3 Rac8 20. Rxc8 Rxc8 21.
h3 Ba4 22. Qd3 Nc4 23. Re2 Nxe3 24. Qxe3 Qb6 25. Rd2 Rc4 26. Ne2 Qxe3 27. fxe3
b6 28. Kf2 Kf8 29. Bf1 Rc5 30. Bg2 Ke8 31. Be4 Kd7 32. g4 Bb3 33. Nd4 Bxd4 34.
Rxd4 Kd6 35. Kg3 Ke5 36. Bf3 g5 37. h4 h6 38. hxg5 hxg5 39. Rb4 Bxd5 40. Bxd5
Rxd5 41. Kf3 e6 42. Rc4 Rc5 43. Re4+ Kf6 44. b3 Rc3 45. Rb4 Ke5 46. Rb5+ Rc5
47. Rb4 f5 48. a4 Rc3 49. gxf5 exf5 50. Rb5+ Rc5 51. Rb4 g4+ 52. Ke2 Rc2+ 53.
Kd3 Rh2 54. Rf4 g3 55. Rf3 Rh3 0-1

[Event "International Championship of Central Se"]
[Site "Paracin, hotel Petrus"]
[Date "2015.07.03"]
[Round "1.23"]
[White "Ratkovic, Milovan"]
[Black "Henriksen, Geir"]
[Result "1-0"]
[WhiteElo "2385"]
[BlackElo "2192"]
[PlyCount "51"]
[EventDate "2015.07.03"]

1. d4 Nf6 2. c4 Nc6 3. Nf3 e6 4. a3 d6 5. Nc3 g6 6. e3 Bg7 7. Be2 O-O 8. O-O a5
9. Rb1 e5 10. d5 Nb8 11. Nd2 Na6 12. b4 c6 13. dxc6 bxc6 14. Bf3 axb4 15. axb4
d5 16. b5 e4 17. Be2 cxb5 18. Nxd5 Nxd5 19. cxd5 Qxd5 20. Rxb5 Qc6 21. Bb2 Bxb2
22. Rxb2 Be6 23. Qb1 Nc5 24. Rc1 Rfc8 25. Rb4 Ra2 26. Nxe4 1-0